1860 1020 1146 1698 1885 1346 1340 1718 1527 1658 1618 1122 1749 1887 1331 1155 1233 1926 1497 1225 1774 1690 1576 1638 1533 1752 1745 1018 1345 1386 1588 1867 1718 1200 1416 1596 1996 1303 1694 1675 1237 1379 1300 1475 1301 1321 1403 1710 1981 1335 1334 1586 1217 1902 1831 1139 1002 1048 1915 1949 1385 1105 1457 1909 1725 1834 1174 1390 1309 1303 1868 1206 1960 1172 1780 1090 1390 1953 1011 1285 1104 1796 1538 1671 1477 1987 1416 1215 1449 1250 1508 1393 1537 1746 1207 1285 1149 1591 1267 BCNSPRNW ULIB Ver.6.0+V

เปลี่ยนเป็นภาษาไทย

Change to English
 แสดงรายละเอียดบรรณานุกรม
  กลับหน้าหลัก

Brief Record : Get Marc (ISO 2709) : E-mail record : QR code < ปิดหน้าต่าง
LEADER : 00000nam 2200000uu 4500
001    13399120128
003     ULIB
008    120904s2550||||th 000 0 tha d
020    ^a9789749770702 (ล.1)
060  4 ^aWY150^bซ166ก ล.1
100 0  ^aชมนาด วรรณพรสิริ
245 00 ^aการพยาบาลผู้ใหญ่ เล่ม1/^cบรรณาธิการ:ชมนาด วรรณพรสิริ,วราภรณ์ สัตยวงศ์
250    ^aพิมพ์ครั้งที่ 2
260    ^aนนทบุรี:^bโครงการสวัสดิการ สถาบันพระบรมราชชนก,^c2551
300    ^a345 หน้า:^bภาพประกอบ
650  7 ^aการพยาบาลโรคเฉพาะทาง
650  7 ^aการพยาบาลผู้ใหญ่
945    ^p0^l0^i24823
945    ^p0^l0^i15996
945    ^p0^l0^i15997
995    ^aกัณชพร
999 ^a ใช้งานได้ทุกระบบ
รายการนี้ยังไม่มีแท็ก
คุณยังไม่ได้ล็อกอิน คุณสามารถมีกิจกรรมร่วมกับเว็บไซต์ได้ แต่ต้องล็อกอินก่อน ::
  ล็อกอิน

รายการสื่อสารสนเทศ

ลำดับที่ ประเภท เลขเรียก/บาร์โค้ด สถานที่ สถานะ
1. วิทยาศาสตร์การแพทย์ และสุขภาพ
วิทยาศาสตร์การแพทย์ และสุขภาพ
WY150 ซ166ก ล.1  
  Barcode: 24823
ห้องสมุดวิทยาเขตสวรรค์ประชารักษ์
►ส่วนจัดเก็บหนังสือเก่า สปร
บนชั้น
  ขอยืม
2. วิทยาศาสตร์การแพทย์ และสุขภาพ
วิทยาศาสตร์การแพทย์ และสุขภาพ
WY150 ซ166ก ล.1 ฉ.2 
  Barcode: 15996
ห้องสมุดวิทยาเขตสวรรค์ประชารักษ์
►ส่วนจัดเก็บหนังสือเก่า สปร
บนชั้น
  ขอยืม
3. วิทยาศาสตร์การแพทย์ และสุขภาพ
วิทยาศาสตร์การแพทย์ และสุขภาพ
WY150 ซ166ก ล.1 ฉ.3 
  Barcode: 15997
ห้องสมุดวิทยาเขตสวรรค์ประชารักษ์
►ส่วนจัดเก็บหนังสือเก่า สปร
บนชั้น
  ขอยืม

รายการใกล้เคียง
    ผู้แต่ง [ชมนาด วรรณพรสิริ]

    หัวเรื่อง [การพยาบาลโรคเฉพาะทาง]
    หัวเรื่อง [การพยาบาลผู้ใหญ่]

BibComment


ยังไม่เคยถูกคอมเมนท์

คอมเมนท์ทรัพยากรรายการนี้
  คอมเมนท์: การพยาบาลผู้ใหญ่..


 Copyright 2026. Bcnsprnw @Library